000 00635nam a2200157 a 4500
001 000033099
005 20200930070028.0
008 110817s1912 dr 000 0 spa d
040 _aDO-SdBNP
_bspa
_cBNPHU
082 _axxxx
_bF438e
100 1 _aFiallo, Elio Augusto
_958773
245 1 0 _aEstado actual de la terapéutica antituberculosa. /
_cElio Augusto Fiallo.
260 _aSanto Domingo, :
_bInstituto profesional de Santo Domingo,
_c1912.
300 _a77 p. ;
_c23 cm.
500 _aOriginalmente presentado como tesis para optar por la licenciatura de la facultad de medicina y cirugia del Instituto profesional de Santo Domingo.
999 _c32590
_d32590